| 000 | 00443nam a22001457a 4500 | ||
|---|---|---|---|
| 003 | macl | ||
| 005 | 20180311122359.0 | ||
| 008 | 180311b xxu||||| |||| 00| 0 eng d | ||
| 040 | _cmacl | ||
| 100 |
_aवजाहत, असगर _957591 |
||
| 245 | _aअसगर वजाहत के आठ नाटक | ||
| 260 |
_aनयी दिल्ली _bकिताबघर _c2016 |
||
| 650 |
_aनाटक _971241 |
||
| 942 |
_2ddc _cHIN |
||
| 999 |
_c57387 _d57387 |
||